| 000 | 00602cam a2200217ua 4500 | ||
|---|---|---|---|
| 001 | 2117 | ||
| 005 | 20260515113440.0 | ||
| 008 | 110804n ii |||gr||||Z||||||eng | ||
| 020 | _a81-237-3650-9 | ||
| 040 | _cMAIN | ||
| 082 | _a370 | ||
| 100 |
_aed. by. Bethel, Dayle M., _eAuthor. |
||
| 245 | 1 |
_aEducation for creative living _ced. by Dayle M. Bethel |
|
| 250 | _a1st. | ||
| 260 |
_aNew Delhi: _bNational book trust, _c2005. |
||
| 300 |
_avi; 260p: _c23cm. |
||
| 653 | _aEducation | ||
| 653 | _aEducation for creative living | ||
| 700 |
_atranslated by Birnbaum, Alfred , _eAuthor. |
||
| 942 | _cBK | ||
| 999 |
_c1983 _d1983 |
||